| 000 | 00420nam a2200181Ia 4500 | ||
|---|---|---|---|
| 005 | 20250423101109.0 | ||
| 008 | 250422s9999 xx 000 0 und d | ||
| 020 | _a9788176487122 | ||
| 050 | _aPE 1068 .S56/ | ||
| 100 | _aSingh, Y. K | ||
| 245 | 0 | _aTeaching of english | |
| 260 | _aNew Delhi | ||
| 260 | _bA P H Publishing Corporation | ||
| 260 | _c2007 | ||
| 300 | _a297 p | ||
| 650 | _aEducation | ||
| 942 | _cBK | ||
| 999 |
_c35274 _d35274 |
||